<?xml version="1.0" encoding="UTF-8"?>
<record
    xmlns:xsi="http://www.w3.org/2001/XMLSchema-instance"
    xsi:schemaLocation="http://www.loc.gov/MARC21/slim http://www.loc.gov/standards/marcxml/schema/MARC21slim.xsd"
    xmlns="http://www.loc.gov/MARC21/slim">

  <leader>00921nam a22002658i 4500</leader>
  <controlfield tag="001">020844118</controlfield>
  <controlfield tag="003">OSt</controlfield>
  <controlfield tag="005">20251029122309.0</controlfield>
  <controlfield tag="008">221215s2023    sz a          000|0|eng|d</controlfield>
  <datafield tag="020" ind1=" " ind2=" ">
    <subfield code="a">9783031225475 (Hardcover)</subfield>
    <subfield code="q">USD 102.00</subfield>
  </datafield>
  <datafield tag="040" ind1=" " ind2=" ">
    <subfield code="a">StDuBDS</subfield>
    <subfield code="b">eng</subfield>
    <subfield code="c">StDuBDS</subfield>
    <subfield code="e">rda</subfield>
    <subfield code="d">NUST</subfield>
  </datafield>
  <datafield tag="050" ind1=" " ind2=" ">
    <subfield code="a">QB539.T4 MIR</subfield>
  </datafield>
  <datafield tag="100" ind1="1" ind2=" ">
    <subfield code="a">Miroshnichenko, Leonty</subfield>
    <subfield code="e">Author</subfield>
  </datafield>
  <datafield tag="245" ind1="1" ind2="0">
    <subfield code="a">Solar-terrestrial relations :</subfield>
    <subfield code="b">from solar activity to heliobiology /</subfield>
    <subfield code="c">Leonty Miroshnichenko.</subfield>
  </datafield>
  <datafield tag="260" ind1=" " ind2=" ">
    <subfield code="a">Switzerland :</subfield>
    <subfield code="b">Springer,</subfield>
    <subfield code="c">&#xA9;2023.</subfield>
  </datafield>
  <datafield tag="300" ind1=" " ind2=" ">
    <subfield code="a">xv, 231 pages :</subfield>
    <subfield code="b">Illustrations ;</subfield>
    <subfield code="c">24 cm.</subfield>
  </datafield>
  <datafield tag="336" ind1=" " ind2=" ">
    <subfield code="a">text</subfield>
    <subfield code="2">rdacontent</subfield>
    <subfield code="b">txt</subfield>
  </datafield>
  <datafield tag="337" ind1=" " ind2=" ">
    <subfield code="a">unmediated</subfield>
    <subfield code="2">rdamedia</subfield>
    <subfield code="b">n</subfield>
  </datafield>
  <datafield tag="338" ind1=" " ind2=" ">
    <subfield code="a">volume</subfield>
    <subfield code="2">rdacarrier</subfield>
    <subfield code="b">nc</subfield>
  </datafield>
  <datafield tag="504" ind1=" " ind2=" ">
    <subfield code="a">Includes bibliographical references.</subfield>
  </datafield>
  <datafield tag="650" ind1=" " ind2="0">
    <subfield code="a">Solar-terrestrial physics.</subfield>
  </datafield>
  <datafield tag="650" ind1=" " ind2="0">
    <subfield code="a">Planetary science.</subfield>
  </datafield>
  <datafield tag="650" ind1=" " ind2="0">
    <subfield code="a">Solar</subfield>
    <subfield code="v">Physics.</subfield>
  </datafield>
  <datafield tag="942" ind1=" " ind2=" ">
    <subfield code="2">lcc</subfield>
    <subfield code="c">BOOKS</subfield>
    <subfield code="h">QB539.T4 MIR</subfield>
    <subfield code="k">QB</subfield>
    <subfield code="m">MIR</subfield>
    <subfield code="n">0</subfield>
  </datafield>
  <datafield tag="999" ind1=" " ind2=" ">
    <subfield code="c">172490</subfield>
    <subfield code="d">172490</subfield>
  </datafield>
  <datafield tag="952" ind1=" " ind2=" ">
    <subfield code="0">0</subfield>
    <subfield code="1">0</subfield>
    <subfield code="2">LCC</subfield>
    <subfield code="4">0</subfield>
    <subfield code="7">0</subfield>
    <subfield code="8">NFIC</subfield>
    <subfield code="a">MAIN</subfield>
    <subfield code="b">MAIN</subfield>
    <subfield code="c">GEN</subfield>
    <subfield code="d">2025-10-29</subfield>
    <subfield code="e">Book Aid International</subfield>
    <subfield code="g">102.00</subfield>
    <subfield code="l">0</subfield>
    <subfield code="o">QB539.T4 MIR</subfield>
    <subfield code="p">92004055034</subfield>
    <subfield code="r">2025-10-29 12:24:23</subfield>
    <subfield code="t">61658</subfield>
    <subfield code="v">102.00</subfield>
    <subfield code="w">2025-10-29</subfield>
    <subfield code="y">BOOKS</subfield>
    <subfield code="z">Donation</subfield>
  </datafield>
</record>
